Państwo po tradycyjnym tańcu - Statystyki

Ogólne statystyki
  • Ten quiz został rozwiązany 26 razy
  • Średni wynik to 10 z 13
Statystyki odpowiedzi
Taniec Państwo % Poprawnych
Flamenco Hiszpania
100%
Oberek Polska
96%
Kalinka Rosja
96%
Walc Wiedeński Austria
92%
Samba Brazylia
88%
Polka Czechy
88%
Tango Argentyna
83%
Charleston Stany Zjednoczone
83%
Hopak Ukraina
75%
Cha cha Kuba
63%
Rumba Kuba
63%
Salsa Kuba
63%
Bachata Dominikana
29%
Nie znaleziono quizów pasujących do podanych kryteriów
Rozkład punktacji
Procent ludzi z każdym wynikiem
Percentyl według liczby udzielonych odpowiedzi
Twoja historia wyników
Nie rozwiązałeś tego quizu